[Event "Hannover-ch U12"]
[Site "Lehrte"]
[Date "2016.10.04"]
[Round "9"]
[White "Chrubasik, Vincent"]
[Black "Szymanski, Fabio"]
[Result "1-0"]
[WhiteElo "927"]
[BlackElo "885"]
[PlyCount "47"]
[EventDate "2016.10.01"]
[EventType "swiss"]
[EventRounds "11"]
[EventCountry "GER"]
[SourceTitle "EXT 2020"]
[Source "ChessBase"]
[SourceDate "2019.10.17"]
[SourceVersion "1"]
[SourceVersionDate "2019.10.17"]
[SourceQuality "1"]

1. e4 c5 2. c4 e6 3. Nc3 Nf6 4. d3 a6 5. b3 b5 6. Be3 Be7 7. Be2 Nc6 8. Bf3 Bb7 9. Nge2 0-0 10. 0-0 b4 11. Na4 h6 12. Nxc5 Bxc5 13. Bxc5 Re8 14. e5 Nh7 15. Bxb4 Nxb4 16. Bxb7 Rb8 17. Be4 Ng5 18. Ng3 Nxe4 19. Nxe4 Qb6 20. d4 Qb7 21. Nd6 Qa8 22. Nxe8 Qe4 23. Nd6 Qf5 24. Nxf5 1-0

[Event "Hannover-ch U12"]
[Site "Lehrte"]
[Date "2016.10.02"]
[Round "4"]
[White "Kuemmel, Jin Jan"]
[Black "Szymanski, Fabio"]
[Result "1-0"]
[WhiteElo "1132"]
[BlackElo "885"]
[PlyCount "69"]
[EventDate "2016.10.01"]
[EventType "swiss"]
[EventRounds "11"]
[EventCountry "GER"]
[SourceTitle "EXT 2020"]
[Source "ChessBase"]
[SourceDate "2019.10.17"]
[SourceVersion "1"]
[SourceVersionDate "2019.10.17"]
[SourceQuality "1"]

1. e4 c5 2. f4 e6 3. Nc3 Nc6 4. Nf3 Be7 5. d3 Nf6 6. e5 Nd4 7. Nxd4 cxd4 8. Ne2 Nd5 9. Nxd4 0-0 10. g3 a6 11. Bg2 Bb4+ 12. Bd2 Ne3 13. Qe2 Bxd2+ 14. Qxd2 Ng4 15. h3 Nh6 16. c3 d6 17. Nf3 dxe5 18. Nxe5 Nf5 19. g4 Qh4+ 20. Kd1 Ng3 21. Nf3 Ne4 22. dxe4 Qd8 23. Qxd8 Rxd8+ 24. Ke2 a5 25. Rad1 Rf8 26. Rd2 b6 27. Rhd1 Ba6+ 28. Ke3 b5 29. e5 b4 30. cxb4 axb4 31. Nd4 Rad8 32. Nc6 Rxd2 33. Rxd2 Bb7 34. Ne7+ Kh8 35. Bxb7 1-0